Resúmenes analíticos chilenos de estudios de educación física, deportes y recreación
Gorde:
| Egile Nagusiak: | , |
|---|---|
| Formatua: | Liburua |
| Hizkuntza: | gaztelania |
| Argitaratua: |
Santiago
CPEIP
1995
|
| Saila: | Serie de Estudios, 234
|
| Gaiak: | |
| Etiketak: |
Etiketa erantsi
Etiketarik gabe, Izan zaitez lehena erregistro honi etiketa jartzen!
|
MARC
| LEADER | 00000nam a2200000 a 4500 | ||
|---|---|---|---|
| 001 | UCZ8514 | ||
| 003 | CL-VaPUC | ||
| 008 | 960121e19950800CL |||||||||||||||||spa|d | ||
| 082 | 0 | 4 | |a 372.3 |b TRU |2 21 |
| 100 | 0 | |a Trujillo Galindo, Héctor Santiago |e author |9 353836 | |
| 700 | 0 | |a Guarda E., Sergio |e author |9 353837 | |
| 245 | 1 | 0 | |a Resúmenes analíticos chilenos de estudios de educación física, deportes y recreación |
| 300 | |a v | ||
| 942 | |c BK | ||
| 945 | |d 19960121 00:00:00 |a cmena | ||
| 260 | |a Santiago |b CPEIP |c 1995 | ||
| 650 | 0 | |a Educación física |9 240893 | |
| 650 | 7 | |a DEPORTE |2 CL-VaPUC |9 353838 | |
| 650 | 0 | |a Actividades de tiempo libre |9 334349 | |
| 650 | 0 | |a Investigación educacional |9 261192 | |
| 583 | |a last modification |c 19960121 00:00:00 |k Rodrigo Vera | ||
| 490 | 0 | |a Serie de Estudios, 234 | |
| 999 | |c 244387 |d 244385 | ||
| 952 | |0 0 |1 0 |4 0 |6 372_300000000000000_TRU_1995 |7 0 |8 P |9 258436 |a BIBEDU |b BIBEDU |c BIBEDU_PB |d 2019-11-19 |h v.1 |i 1622013 |o 372.3 TRU 1995 |p 1622013 |r 2024-01-25 |w 2019-11-19 |y BK |k EDU | ||
| 952 | |0 0 |1 0 |4 0 |6 372_300000000000000_TRU_1995 |7 0 |8 P |9 258437 |a BIBEDU |b BIBEDU |c BIBEDU_PB |d 2019-11-19 |h v.2 |i 1622307 |o 372.3 TRU 1995 |p 1622307 |r 2024-01-25 |w 2019-11-19 |y BK |k EDU | ||
| 952 | |0 0 |1 0 |4 0 |6 372_300000000000000_TRU_1995 |7 0 |8 P |9 258438 |a BIBEDU |b BIBEDU |c BIBEDU_PB |d 2019-11-19 |h v.3 |i 1622250 |o 372.3 TRU 1995 |p 1622250 |r 2024-01-25 |w 2019-11-19 |y BK |k EDU | ||
| 952 | |0 0 |1 0 |4 0 |6 372_300000000000000_TRU_1995 |7 0 |8 P |9 258439 |a BIBEDU |b BIBEDU |c BIBEDU_PB |d 2019-11-19 |h v.1 |i 3205657 |o 372.3 TRU 1995 |p 3205657 |r 2024-01-25 |w 2019-11-19 |y BK |k EFI | ||
| 952 | |0 0 |1 0 |4 0 |6 372_300000000000000_TRU_1995 |7 0 |8 P |9 258440 |a BIBEDU |b BIBEDU |c BIBEDU_PB |d 2019-11-19 |h v.2 |i 3205665 |o 372.3 TRU 1995 |p 3205665 |r 2024-01-25 |w 2019-11-19 |y BK |k EFI | ||
| 952 | |0 0 |1 0 |4 0 |6 372_300000000000000_TRU_1995 |7 0 |8 P |9 258441 |a BIBEDU |b BIBEDU |c BIBEDU_PB |d 2019-11-19 |h v.3 |i 3205673 |o 372.3 TRU 1995 |p 3205673 |r 2024-01-25 |w 2019-11-19 |y BK |k EFI | ||